000 00463nam a2200169Ia 4500
003 GCL
008 140319s9999 xx 000 0 eng d
040 _aGCL /
_cGCL
082 0 4 _a027.073
_bD L
100 1 _aDICKSON, PAUL
245 1 0 _aTHE LIBRARY IN AMERICAN: A CELEBRATION IN WORDS AND PICTURES /
_cDICKSON, PAUL
260 _a[S.N] :
_bFACTS ON FILE PUBLICATIONS
300 _a242 PP
650 0 4 _aUNITED STATES
650 0 4 _aLIBERALISM
942 _2ddc
_cBK
999 _c16850
_d16850